• 首页
  • 本馆介绍
  • 公告通知
  • 最新文献
  • 馆藏检索
  • 电子资源
  • 读者导购
  • 参考咨询
  • 我的图书馆
  • 登录
  • 详细信息显示
  • 放入我的书架
  • 预约/预借图书
  • 作者相关作品
  • 分类相关作品
  • 丛书相关作品
  • 出版社相关作品

书目信息

  • 表格格式
  • 工作单格式
  • 卡片格式
书名: The sacred paths of the West
作者: Theodore M. Ludwig.
分册号:
分册名:
出版地: New York :
 
出版社: Macmillan
出版时间: c1994.
页数: xi, 260 p. :
开本: 23 cm.
丛书名:
中图分类号:
科图分类号:
其他分类号: B985
主题词:
电子资源:
000 01287pam a2200349 a 450
001 E0759725593
005 20070515163716.64
008 930719s1994 nyua b 001 0 eng
010    @a93005914
020    @a0023721812 (pbk.).
035    @A(DLC) 93005914
040    @aDLC@cDLC@dDLC
043    @ae------@aaw-----@an------
050 00 @aBL80.2@b.L83 1994
082 00 @a291@2 20
090    @aB985
099    @dB985@ex27
100 1  @aLudwig, Theodore M.
245 14 @aThe sacred paths of the West / @cTheodore M. Ludwig.
260    @aNew York :@bMacmillan ;@aToronto :@bMaxwell Macmillan Canada,@cc1994.
300    @axi, 260 p. :@bill. ;@c23 cm.
500    @a"Derives, with extensive revisions, from ... The Sacred paths (Macmillan, 1989)"--Pref.
504    @aIncludes bibliographical references (p. 245-248) and index.
650  0 @aJudaism.
650  0 @aChristianity.
650  0 @aIslam.
651  0 @aWestern countries@xReligion.
700 1  @aLudwig, Theodore M.@tSacred paths.
906    @a7@bcbu@corignew@d1@eocip@f19@gy-gencatlg
952    @aBetter: BL689
955    @apc03 to sa00 07-19-93; sh09 07-19-93; sh11 07-21-93; sh04 07-22-93;aa05 07-27-93; CIP ver. sh15/sh07 04-25-94
991    @bc-GenColl@hBL80.2@i.L83 1994@p00011191873@tCopy 1@wBOOKS
    
    The sacred paths of the West / / Theodore M. Ludwig.-New York : : Macmillan ; ; Toronto : : Maxwell Macmillan Canada, , c1994.
    xi, 260 p. : : ill. ; ; 23 cm.
    "Derives, with extensive revisions, from ... The Sacred paths (Macmillan, 1989)"--Pref.-Includes bibliographical references (p. 245-248) and index.
    
    ISBN 0023721812 (pbk.).
    
●
相关链接 在E读中查询图书 在五车中查询图书 在当当中查询图书 在豆瓣中查询图书


正题名:sacred paths of the West     索取号:B985/x27         预约/预借

序号 登录号 条形码 馆藏地/架位号 状态 备注
1 9671   300096713   第二样本阅览室/ [索取号:B985/x27] 在馆    
2 9672   300096722   第四借阅区/ [索取号:B985/x27] 在馆    
唐山师范学院图书馆 欢迎您!
大连网信软件有限公司© 版权所有